OIAS Countries - Statistics

General Stats
  • This quiz has been taken 31 times
  • The average score is 18 of 23
Answer Stats
Country % Correct
Portugal
92%
Spain
92%
Argentina
88%
Brazil
88%
Chile
88%
Columbia
88%
Costa Rica
83%
Cuba
83%
Ecuador
83%
El Salvador
83%
Honduras
83%
Mexico
83%
Nicaragua
83%
Paraguay
83%
Peru
83%
Uruguay
83%
Bolivia
79%
Guatemala
79%
Panama
79%
Venezuela
79%
Dominican Republic
75%
Andorra
63%
Equatorial Guinea
25%
No matching quizzes found
Score Distribution
Percent of People with Each Score
Percentile by Number Answered
Your Score History
You have not taken this quiz